000
00295nam a2200121Ia 4500
008
190216s9999||||xx |||||||||||||| ||und||
100
_a
Kennath A John
245
0
_a
Introduction To Optical Electronics
260
_b
John Wiley & Sons
_c
1987
300
_a
430p
650
_a
Physics
942
_c
BK
999
_c
33159
_d
33159